Catálogo

Vista normal Vista MARC

Entrada Personal Name

Número de registros utilizados en: 1

001 - CONTROL NUMBER

  • control field: 16836

003 - CONTROL NUMBER IDENTIFIER

  • control field: DLC

005 - DATE AND TIME OF LATEST TRANSACTION

  • control field: 20250306164238.0

008 - FIXED-LENGTH DATA ELEMENTS

  • fixed length control field: 801021n| acannaab| |a aaa |||

010 ## - LIBRARY OF CONGRESS CONTROL NUMBER

  • LC control number: n 80102292

040 ## - CATALOGING SOURCE

  • Original cataloging agency: DLC
  • Transcribing agency: Mx-PuUPA
  • Modifying agency: DLC
  • Modifying agency: Mx-PuUPA
  • Language of cataloging: spa
  • Description conventions: rda

046 ## - SPECIAL CODED DATES

  • Birth date: 1921

100 10 - HEADING--PERSONAL NAME

  • Personal name: Scully, Robert E.,
  • Fuller form of name: (Robert Edward),
  • Dates associated with a name: 1921-

373 ## - ASSOCIATED GROUP

  • Associated group: Hospital General de massachusetts
  • Associated group: Escuela Médica de Harvard

374 ## - OCCUPATION

  • Occupation: Autor
  • Occupation: Profesor de patología

375 ## - GENDER

  • Gender: hombre

377 ## - ASSOCIATED LANGUAGE

  • Language code: eng

400 10 - SEE FROM TRACING--PERSONAL NAME

  • Personal name: Scully, R. E.
  • Fuller form of name: (Robert Edward),
  • Dates associated with a name: 1921-

670 ## - SOURCE DATA FOUND

  • Source citation: Morris, J. M.
  • Information found: Endocrine pathology of the ovary, 1958.

670 ## - SOURCE DATA FOUND

  • Source citation: Young, R.H. Atlas of testicular tumors, c1990:
  • Information found: CIP t.p. (Robert E. Scully, MD; pathologist, Mass. Gen. Hosp., Boston; prof. of pathol., Harvard Med. School) data sht. (b. 8-31-21)

670 ## - SOURCE DATA FOUND

  • Source citation: NLM files, 12-27-89
  • Information found: (hdg.: Scully, Robert E. (Robert Edward), 1921- ; usage: Robert E. Scully, R.E. Scully)